[Event "POL-ch Academic"]
[Site "Chorzow"]
[Date "2021.05.14"]
[Round "2.2"]
[White "Lewicki, Miroslaw"]
[Black "Szymanowski, Mateusz"]
[Result "1-0"]
[WhiteElo "2348"]
[BlackElo "1913"]
[PlyCount "79"]
[EventDate "2021.05.14"]
[EventType "swiss (rapid)"]
[EventRounds "9"]
[EventCountry "POL"]
[SourceTitle "CBM 202 Extra"]
[Source "ChessBase"]
[SourceDate "2021.07.31"]
[SourceVersion "1"]
[SourceVersionDate "2021.07.31"]
[SourceQuality "1"]

1. e4 c5 2. Nf3 d6 3. d4 cxd4 4. Nxd4 Nf6 5. Nc3 a6 6. Be2 e5 7. Nb3 Be6 8. 0-0 Be7 9. f4 exf4 10. Bxf4 Nc6 11. Kh1 0-0 12. Qe1 Ne5 13. Qg3 Ng6 14. Be3 b5 15. a3 Qc7 16. Nd4 Rac8 17. Rad1 Rfd8 18. Nf5 Bxf5 19. Rxf5 Qc6 20. Bd3 Re8 21. Rdf1 Rf8 22. Bd4 Bd8 23. h4 Nd7 24. h5 Nge5 25. Nd5 f6 26. c3 a5 27. Bb1 Kh8 28. Ba2 Re8 29. Nf4 Nc4 30. a4 Qxe4 31. Bb1 Qb7 32. h6 Nde5 33. hxg7+ Qxg7 34. Qh3 Rg8 35. Rh5 Rc7 36. Ne6 Qd7 37. Bxh7 Rg5 38. Rxg5 fxg5 39. Bg6+ Kg8 40. Rf8# 1-0

[Event "POL-chT3 Pomorskie"]
[Site "Poland"]
[Date "2013.05.12"]
[Round "8.1"]
[White "Dackiewicz, Marek"]
[Black "Szymanowski, Mateusz"]
[Result "0-1"]
[WhiteElo "1897"]
[BlackElo "1849"]
[PlyCount "54"]
[EventDate "2013.01.13"]
[EventType "team-tourn"]
[EventRounds "9"]
[EventCountry "POL"]
[SourceTitle "EXT 2019"]
[Source "ChessBase"]
[SourceDate "2018.10.10"]
[SourceVersion "1"]
[SourceVersionDate "2018.10.10"]
[SourceQuality "1"]
[WhiteTeam "Malbork MCK"]
[BlackTeam "Gdansk Gedania II"]
[WhiteTeamCountry "POL"]
[BlackTeamCountry "POL"]

1. e4 c5 2. Nf3 d6 3. d4 cxd4 4. Nxd4 Nf6 5. Nc3 a6 6. Be3 e5 7. Nb3 Be6 8. Be2 Be7 9. Qd2 Nbd7 10. h3 b5 11. f3 Rc8 12. g4 Nb6 13. Na5 0-0 14. h4 Nfd7 15. g5 Qc7 16. Rc1 b4 17. Nd1 d5 18. h5 f5 19. gxf6 Nxf6 20. Rg1 Kh8 21. Nb3 dxe4 22. Bxb6 Qxb6 23. Qg5 Rg8 24. Rg2 Rce8 25. Nf2 Ng4 26. Qd2 Nxf2 27. Rxf2 e3 0-1

[Event "POL-chT3 Pomorskie"]
[Site "Poland"]
[Date "2013.04.07"]
[Round "6.5"]
[White "Szymanowski, Mateusz"]
[Black "Ulanowski, Karol"]
[Result "1-0"]
[WhiteElo "1849"]
[BlackElo "2084"]
[PlyCount "58"]
[EventDate "2013.01.13"]
[EventType "team-tourn"]
[EventRounds "9"]
[EventCountry "POL"]
[SourceTitle "EXT 2019"]
[Source "ChessBase"]
[SourceDate "2018.10.10"]
[SourceVersion "1"]
[SourceVersionDate "2018.10.10"]
[SourceQuality "1"]
[WhiteTeam "Gdansk Gedania II"]
[BlackTeam "Tzcew Skoczek"]
[WhiteTeamCountry "POL"]
[BlackTeamCountry "POL"]

1. e4 e5 2. Nf3 Nc6 3. Bc4 Bc5 4. c3 Nf6 5. d4 exd4 6. cxd4 Bb4+ 7. Bd2 Nxe4 8. Bxb4 Nxb4 9. Bxf7+ Kxf7 10. Qb3+ d5 11. Ne5+ Ke6 12. Qxb4 c5 13. Qb3 Qa5+ 14. Ke2 b6 15. f4 Ba6+ 16. Kf3 Rhf8 17. g3 g5 18. Qe3 gxf4 19. gxf4 cxd4 20. Qxd4 Rf5 21. Nc3 Nxc3 22. bxc3 Raf8 23. Rhe1 Rxf4+ 24. Qxf4 Rxf4+ 25. Kxf4 Qxc3 26. Rac1 Qd2+ 27. Kg3 Kf5 28. Nf3 Qf4+ 29. Kf2 Qb4 1-0

[Event "Gdansk op 14th"]
[Site "Gdansk"]
[Date "2012.07.25"]
[Round "5"]
[White "Tarajkiewicz, Krzysztof"]
[Black "Szymanowski, Mateusz"]
[Result "1/2-1/2"]
[WhiteElo "1574"]
[BlackElo "1833"]
[PlyCount "73"]
[EventDate "2012.07.22"]
[EventType "swiss"]
[EventRounds "9"]
[EventCountry "POL"]
[SourceTitle "CBM 149 Extra"]
[Source "ChessBase"]
[SourceDate "2012.08.24"]
[SourceVersion "1"]
[SourceVersionDate "2012.08.24"]
[SourceQuality "1"]

1. e4 c5 2. d4 cxd4 3. c3 d3 4. c4 d2+ 5. Bxd2 Nc6 6. Nf3 d6 7. Nc3 Bg4 8. Be2 Bxf3 9. Bxf3 e6 10. 0-0 Be7 11. Bf4 a6 12. Qd2 Nf6 13. Rfd1 e5 14. Be3 0-0 15. Nd5 Nxd5 16. cxd5 Nd4 17. Bxd4 exd4 18. Qxd4 Bf6 19. Qb4 Qd7 20. Be2 a5 21. Qb6 Rfc8 22. Rac1 Bd8 23. Bb5 Rxc1 24. Rxc1 Bxb6 25. Bxd7 Bc5 26. Kf1 Kf8 27. Ke2 Ke7 28. Bb5 Rc8 29. a3 Rc7 30. f4 Bb6 31. Rxc7+ Bxc7 32. Kf3 Bb6 33. g4 Bd4 34. b3 Bb2 35. a4 f6 36. h4 h6 37. h5 1/2-1/2

[Event "Gdansk op 14th"]
[Site "Gdansk"]
[Date "2012.07.22"]
[Round "2"]
[White "Szymanowski, Mateusz"]
[Black "Gostomski, Mariusz"]
[Result "1-0"]
[WhiteElo "1833"]
[BlackElo "1588"]
[PlyCount "77"]
[EventDate "2012.07.22"]
[EventType "swiss"]
[EventRounds "9"]
[EventCountry "POL"]
[SourceTitle "CBM 149 Extra"]
[Source "ChessBase"]
[SourceDate "2012.08.24"]
[SourceVersion "1"]
[SourceVersionDate "2012.08.24"]
[SourceQuality "1"]

1. e4 c5 2. Nf3 Nc6 3. c4 Nf6 4. Nc3 d6 5. d4 cxd4 6. Nxd4 h6 7. Be2 e6 8. Be3 Be7 9. 0-0 a6 10. h3 Qc7 11. Rc1 Nxd4 12. Bxd4 Bd7 13. f4 e5 14. Nd5 Nxd5 15. cxd5 Qb8 16. fxe5 dxe5 17. Bb6 Bd6 18. Bg4 Bxg4 19. Qxg4 g6 20. h4 h5 21. Qh3 0-0 22. Qd7 a5 23. Rf6 Bb4 24. Rxg6+ fxg6 25. Rc7 Qxc7 26. Bxc7 Bc5+ 27. Kh2 Rae8 28. Bd6 Bxd6 29. Qxd6 Kg7 30. Qb6 Rf7 31. Qxa5 Rd7 32. Qb6 Ree7 33. b4 Kh7 34. Qb5 Rf7 35. a4 Kg7 36. a5 Rd6 37. Qe8 Kf6 38. b5 Re7 39. Qf8+ 1-0

[Event "Podlaskie-ch U15 17th"]
[Site "Suwalki"]
[Date "2011.04.18"]
[Round "7"]
[White "Molenda, Marcin"]
[Black "Szymanowski, Mateusz"]
[Result "1-0"]
[WhiteElo "1614"]
[BlackElo "1743"]
[PlyCount "73"]
[EventDate "2011.04.14"]
[EventType "swiss"]
[EventRounds "10"]
[EventCountry "POL"]
[SourceTitle "EXT 2012"]
[Source "ChessBase"]
[SourceDate "2011.11.24"]
[SourceVersion "1"]
[SourceVersionDate "2011.11.24"]
[SourceQuality "1"]

1. e4 c5 2. c3 d5 3. exd5 Qxd5 4. d4 Nc6 5. Nf3 Bg4 6. Be2 e6 7. Be3 cxd4 8. cxd4 Nf6 9. Nc3 Qa5 10. Qb3 Qc7 11. 0-0 Be7 12. h3 Bh5 13. Rac1 0-0 14. d5 exd5 15. Nxd5 Nxd5 16. Qxd5 Bg6 17. Nd4 Rfd8 18. Qc4 Be4 19. Ne6 fxe6 20. Qxe6+ Kh8 21. Qxe4 Bf6 22. Bd3 g6 23. Rc2 Qg7 24. b3 Re8 25. Qa4 Nd4 26. Bxd4 Bxd4 27. Bb5 Rf8 28. Be2 Rad8 29. Bf3 b6 30. Rfc1 Qe5 31. Re2 Qg5 32. Rd1 b5 33. Qb4 Rf4 34. Kh2 Qf6 35. Qe7 Rxf3 36. gxf3 Qf4+ 37. Kg2 1-0

[Event "Podlaskie-ch U15 17th"]
[Site "Suwalki"]
[Date "2011.04.18"]
[Round "6"]
[White "Szymanowski, Mateusz"]
[Black "Mrozowski, Patryk"]
[Result "1-0"]
[WhiteElo "1743"]
[BlackElo "1676"]
[PlyCount "99"]
[EventDate "2011.04.14"]
[EventType "swiss"]
[EventRounds "10"]
[EventCountry "POL"]
[SourceTitle "EXT 2012"]
[Source "ChessBase"]
[SourceDate "2011.11.24"]
[SourceVersion "1"]
[SourceVersionDate "2011.11.24"]
[SourceQuality "1"]

1. e4 c5 2. Nf3 e6 3. d4 cxd4 4. Nxd4 Nf6 5. Bd3 a6 6. c4 d6 7. Nc3 Be7 8. f3 Qc7 9. Nc2 Nc6 10. Be3 Bd7 11. Qe2 Rc8 12. b3 Ne5 13. a4 Nxd3+ 14. Qxd3 b6 15. 0-0 0-0 16. Rfd1 Bc6 17. Nd4 Rfd8 18. Bg5 h6 19. Bh4 Bb7 20. Rac1 Qc5 21. Bf2 Qc7 22. Qe2 Ne8 23. f4 Bf6 24. f5 Bxd4 25. Bxd4 Ba8 26. Qf2 Rb8 27. Rd3 e5 28. Be3 Nf6 29. Qh4 Ne8 30. Bxh6 f6 31. Rg3 Qe7 32. Rg6 b5 33. axb5 axb5 34. Nxb5 Bc6 35. Rc3 Bxb5 36. cxb5 Rdc8 37. Qe1 Rxc3 38. Qxc3 Qb7 39. Qc4+ Kh7 40. Be3 Rc8 41. Qd3 Qa8 42. h3 Qa1+ 43. Kh2 Rc3 44. Qe2 Rxb3 45. Rg4 Rb1 46. Rh4+ Kg8 47. Qc4+ Kf8 48. Rh8+ Ke7 49. Qe6+ Kd8 50. Bb6# 1-0

[Event "Podlaskie-ch U15 17th"]
[Site "Suwalki"]
[Date "2011.04.17"]
[Round "5"]
[White "Lebiedowicz, Borys"]
[Black "Szymanowski, Mateusz"]
[Result "1-0"]
[WhiteElo "1689"]
[BlackElo "1743"]
[PlyCount "65"]
[EventDate "2011.04.14"]
[EventType "swiss"]
[EventRounds "10"]
[EventCountry "POL"]
[SourceTitle "EXT 2012"]
[Source "ChessBase"]
[SourceDate "2011.11.24"]
[SourceVersion "1"]
[SourceVersionDate "2011.11.24"]
[SourceQuality "1"]

1. e4 c5 2. Nf3 a6 3. d4 cxd4 4. Nxd4 Qc7 5. Bd3 d6 6. Nc3 Nf6 7. 0-0 e6 8. a4 b6 9. Be3 Nbd7 10. f4 Bb7 11. h3 h5 12. Nf3 Nc5 13. e5 Nfe4 14. Bxe4 Nxe4 15. Nxe4 Bxe4 16. exd6 Bxd6 17. Qd4 Bf5 18. Qxg7 0-0-0 19. Qg3 Rdg8 20. Qf2 Bxh3 21. Ng5 Bxg2 22. Kxg2 f6 23. Rad1 fxg5 24. fxg5 Bc5 25. Qe2 Bxe3 26. Qxe3 Rg6 27. Rd3 Qb7+ 28. Kh3 Rg7 29. Rd6 Re8 30. Rxb6 Qd5 31. Qe2 Ra7 32. Rf3 Ree7 33. g6 1-0

[Event "Polanica Zdroj op-A 47th"]
[Site "Polanica Zdroj"]
[Date "2011.??.??"]
[Round "5"]
[White "Cagara, Paulina"]
[Black "Szymanowski, Mateusz"]
[Result "1-0"]
[WhiteElo "2045"]
[BlackElo "1783"]
[PlyCount "87"]
[EventDate "2011.08.19"]
[EventType "swiss"]
[EventRounds "9"]
[EventCountry "POL"]
[SourceTitle "CBM 144 Extra"]
[Source "ChessBase"]
[SourceDate "2011.10.28"]
[SourceVersion "1"]
[SourceVersionDate "2011.10.28"]
[SourceQuality "1"]

1. e4 c5 2. Nf3 d6 3. d4 cxd4 4. Qxd4 Nc6 5. Bb5 Bd7 6. Bxc6 Bxc6 7. c4 Nf6 8. Nc3 e6 9. 0-0 Be7 10. Qd3 0-0 11. b3 a6 12. Bb2 Qb6 13. Nd4 Rfd8 14. Nxc6 bxc6 15. Na4 Qc7 16. Rac1 c5 17. Rfe1 Qc6 18. f4 Rac8 19. Qf3 Nd7 20. g4 Rb8 21. Bc3 Rf8 22. Qg3 Bd8 23. Rcd1 Nb6 24. Nxb6 Bxb6 25. f5 e5 26. Qd3 Rfd8 27. f6 g6 28. Bd2 d5 29. exd5 Qxf6 30. Rf1 Qe7 31. Qe4 Bc7 32. g5 Rd6 33. h4 Rf8 34. Rf3 Qd7 35. Rdf1 Qe7 36. Kg2 a5 37. a3 Ra6 38. h5 Kg7 39. Rf6 Rd6 40. hxg6 hxg6 41. Qh4 Qd7 42. Rh1 Re8 43. Qh6+ Kg8 44. Qh8# 1-0

[Event "Malbork Mayor Cup"]
[Site "Malbork"]
[Date "2010.02.21"]
[Round "9.1"]
[White "Szymanowski, Mateusz"]
[Black "Kaluzny, Krzysztof"]
[Result "1-0"]
[WhiteElo "1656"]
[BlackElo "1604"]
[PlyCount "21"]
[EventDate "2010.02.15"]
[EventType "swiss"]
[EventRounds "9"]
[EventCountry "POL"]
[SourceTitle "EXT 2023"]
[Source "ChessBase"]
[SourceDate "2022.10.05"]
[SourceVersion "1"]
[SourceVersionDate "2022.10.05"]
[SourceQuality "1"]

1. e4 e5 2. Nf3 d6 3. d4 Nd7 4. Bc4 c6 5. 0-0 Be7 6. Qe2 Ngf6 7. dxe5 dxe5 8. Rd1 Qc7 9. Ng5 0-0 10. Bxf7+ Rxf7 11. Qc4 1-0

[Event "Polanica Zdroj op-D 45th"]
[Site "Polanica Zdroj"]
[Date "2009.08.26"]
[Round "9"]
[White "Dzikowski, Michal"]
[Black "Szymanowski, Mateusz"]
[Result "0-1"]
[WhiteElo "1564"]
[BlackElo "1600"]
[PlyCount "53"]
[EventDate "2009.08.18"]
[EventType "swiss"]
[EventRounds "9"]
[EventCountry "POL"]
[SourceTitle "CBM 132 Extra"]
[Source "ChessBase"]
[SourceDate "2009.11.03"]
[SourceVersion "1"]
[SourceVersionDate "2009.11.03"]
[SourceQuality "1"]

1. b3 d5 2. Bb2 e6 3. e3 Nf6 4. Nf3 Bd6 5. c4 c6 6. d4 0-0 7. Nbd2 Nbd7 8. Bd3 Re8 9. cxd5 exd5 10. a4 Nf8 11. Ba3 Ng6 12. Bxd6 Qxd6 13. Bxg6 hxg6 14. Ne5 c5 15. Ndf3 Qb6 16. 0-0 Ne4 17. dxc5 Qxc5 18. Rc1 Qd6 19. Qd4 Bf5 20. Rfd1 Rad8 21. h3 a6 22. b4 Rc8 23. Rxc8 Rxc8 24. Qxd5 Qxd5 25. Rxd5 Nc3 26. Rc5 f6 27. Ng4 0-1

[Event "Polanica Zdroj op-D 45th"]
[Site "Polanica Zdroj"]
[Date "2009.08.23"]
[Round "7"]
[White "Koza, Stanislaw"]
[Black "Szymanowski, Mateusz"]
[Result "0-1"]
[WhiteElo "1438"]
[BlackElo "1600"]
[PlyCount "60"]
[EventDate "2009.08.18"]
[EventType "swiss"]
[EventRounds "9"]
[EventCountry "POL"]
[SourceTitle "CBM 132 Extra"]
[Source "ChessBase"]
[SourceDate "2009.11.03"]
[SourceVersion "1"]
[SourceVersionDate "2009.11.03"]
[SourceQuality "1"]

1. e4 c5 2. Nf3 d6 3. d4 cxd4 4. Nxd4 Nf6 5. Nc3 a6 6. f4 e6 7. Bc4 Qc7 8. Bb3 Be7 9. g4 0-0 10. g5 Ne8 11. Qh5 g6 12. Qh4 Ng7 13. Rg1 Qc5 14. Nde2 b5 15. Rg3 Nh5 16. Be3 Qc6 17. Rh3 b4 18. Ng3 bxc3 19. Nxh5 gxh5 20. Bd5 cxb2 21. Rb1 exd5 22. f5 dxe4 23. f6 Bxh3 24. Qxh5 Qxc2 25. Rxb2 Qxb2 26. Qh6 Qb1+ 27. Ke2 Qd3+ 28. Ke1 Qxe3+ 29. Kd1 Bg4+ 30. Kc2 Rc8+ 0-1

[Event "Polanica Zdroj op-D 45th"]
[Site "Polanica Zdroj"]
[Date "2009.08.22"]
[Round "6"]
[White "Szymanowski, Mateusz"]
[Black "Ziemba, Artur"]
[Result "0-1"]
[WhiteElo "1600"]
[BlackElo "1638"]
[PlyCount "74"]
[EventDate "2009.08.18"]
[EventType "swiss"]
[EventRounds "9"]
[EventCountry "POL"]
[SourceTitle "CBM 132 Extra"]
[Source "ChessBase"]
[SourceDate "2009.11.03"]
[SourceVersion "1"]
[SourceVersionDate "2009.11.03"]
[SourceQuality "1"]

1. e4 c5 2. Nf3 d6 3. d4 cxd4 4. Nxd4 Nf6 5. Nc3 a6 6. Bg5 e6 7. Be2 Be7 8. Be3 b5 9. a3 Bb7 10. Qd3 Nbd7 11. f3 Qc7 12. 0-0 Rc8 13. Rac1 Nb6 14. Bf2 Nc4 15. Ndxb5 axb5 16. Nxb5 Qd7 17. Na7 Rc7 18. Qb3 Na5 19. Qb6 Nc6 20. Nb5 Rc8 21. Rfd1 0-0 22. c4 Rfd8 23. Kh1 Ba8 24. Qe3 Qb7 25. Qb6 Rd7 26. Qxb7 Bxb7 27. Bb6 d5 28. cxd5 exd5 29. exd5 Rxd5 30. Nc3 Rd7 31. Ne4 Rxd1+ 32. Rxd1 Nxe4 33. fxe4 Ne5 34. Bd4 Bf6 35. Bxe5 Bxe5 36. Bf3 Bxb2 37. Bg4 Rc1 0-1